00771nam a22002057a 450000500170000001000150001702000270003203500130005903700130007208200110008510000190009624501250011525000120024026000310025227000830028330000330036694200250039999900190042495201220044320160803102403.0 aENG-115620 a97893514436737c650.00 aEN-99152 bDBAD/PUB a657.48 aMakkar, Rajesh aFinancial management :cby Rajesh Makkarbtheory and practice for CA-intermediate (IPC) and other professional courses / a15th ed aGurgaonbLexis Nexisc2014 a14th Floor, Building No.10, Tower-B, DLF Cyber City, Phase-IIbGurgaone122002 avarious pagings. c28cm(pbk) 2ddccENmMAKh657.48 c101738d101738 001040718NFICaDBADbBNd2016-08-02eDBAD/PUBg650.00l0o657.48 MAKpEN-99152r2016-08-02 00:00:00t1v650.00yEN